000 01087nam a2200277Ia 4500
005 20240726083210.0
008 130821s2001 sp gr spa
020 _a8449303443
040 _aCo-BoUCM
_bspa
_cDavid Moreno
_dDavid Moreno
041 0 0 _aspa
110 1 _aMattelart, Armand.
_9181785
245 1 0 _aHistoria de las teorías de la comunicación
_cArmand Mattelart, Michéle Mattelart; traducción de Antonio López Ruiz y Freda Egea
260 _aBarcelona (España)
_bPaidós
_c2001
300 _a142 Páginas
490 _aPaidós Comunicaciones
_v91
650 0 4 _aEconomía política
_913709
_xIndustria cultural
650 0 4 _aTeoría de la comunicación
_917382
_xModelos de comunicación
650 0 4 _aComunicación
_917580
_xInteracción social
650 0 4 _aComunicación
_xHistoria
_990389
700 _aEgea, Fedra
_9181786
700 _aLopez Ruiz, Antonio
_9129162
700 _aMattelart, Michéle
_9133764
765 _aHistoire des théories de la communication
942 _cLIBRO
_a24
_e1
_mM435h
_2DEWEY
_h302.2
_n0
999 _c41917
_d41917